[Event "Hochsauerland-ch U14"]
[Site "Winterberg"]
[Date "2002.01.03"]
[Round "2"]
[White "Meier, Johannes"]
[Black "Bussmann, Kevin"]
[Result "1-0"]
[WhiteElo "1301"]
[BlackElo "1222"]
[PlyCount "88"]
[EventDate "2002.01.02"]
[EventType "swiss"]
[EventRounds "5"]
[EventCountry "GER"]
[SourceTitle "EXT 2005"]
[Source "ChessBase"]
[SourceDate "2004.11.15"]
[SourceVersion "1"]
[SourceVersionDate "2004.11.15"]
[SourceQuality "1"]

1. e4 e5 2. Nf3 Nc6 3. Nc3 Nf6 4. Bc4 g6 5. Ng5 d5 6. exd5 Nxd5 7. Bxd5 Qxg5 8. d3 Qd8 9. 0-0 Bg7 10. Qf3 0-0 11. Bxc6 bxc6 12. Qxc6 Bd7 13. Qb7 Qc8 14. Qd5 Be6 15. Qe4 Bf5 16. Qd5 Qd7 17. Qxd7 Bxd7 18. Nd5 Rfe8 19. Nxc7 Rac8 20. Nxe8 Bxe8 21. Be3 a6 22. Rac1 Ba4 23. b3 Bc6 24. Rce1 Bd7 25. c4 Re8 26. Re2 Bg4 27. f3 Bf5 28. Rd1 a5 29. g4 Bd7 30. Rde1 Bc6 31. Kg2 h5 32. h3 hxg4 33. hxg4 Re6 34. Bb6 Bd7 35. Bxa5 Re8 36. Bc3 f6 37. b4 Bc8 38. b5 Kf7 39. b6 Bf8 40. Rb1 Bb7 41. Bb4 Bxb4 42. Rxb4 f5 43. c5 fxg4 44. Rxg4 Bxf3+ 1-0